000 00607nam a2200229Ia 4500
003 OSt
005 20221007074815.0
006 a|||||r|||| 00| 0
007 ta
008 221006b |||||||| |||| 00| 0 eng d
024 _a12,538
037 _cTextual
040 _aFLL
_cFLL
_beng
041 _2eng
_aeng
082 _aV2:91.N77, L7
100 _aMirchandani G.G. Au.
_9693201
245 0 _a320 million judges
260 _aNew Delhi
_bAbhinav pub. India
_c1977
300 _a270p
_ccm.
942 _hV2:91.N77, L7
_cTEXL
_2CC
999 _c1153749
_d1153749